Effects of Small and Medium-Sized Enterprises in Rural Areas Proceedings of Scientific Papers

Salvato in:
Dettagli Bibliografici
Enti autori: Slovenská akadémia pôdohospodárskych vied - SAPV, Vysoká škola ekonómie a manažmentu verejnej správy v Bratislave, Mukachevo State University
Altri autori: Levický, Michal, Beresecká, Janka, Hudák, Jozef, Hudáková, Monika
Natura: Libro
Lingua:slovacco
ceco
inglese
Pubblicazione: Bialystok Białostockie Wydawnictwo Naukowe 2018
Soggetti:
Tags: Aggiungi Tag
Nessun Tag, puoi essere il primo ad aggiungerne!!

MARC

LEADER 00000nlm a2200000 4500
001 0249477
005 20240514075328.6
020 |a 978-83-950152-8-1 
041 0 |a slo 
041 0 |a cze 
041 0 |a eng 
044 |a PL 
245 1 0 |a Effects of Small and Medium-Sized Enterprises in Rural Areas  |b Proceedings of Scientific Papers  |c Editors: Michal Levický, Janka Beresecká ; Reviewers: Jozef Hudák, Monika Hudáková 
264 1 |a Bialystok  |b Białostockie Wydawnictwo Naukowe  |c 2018 
300 |a online 121 s. 
610 2 0 |a podnik malý 
610 2 0 |a podnik stredný 
610 2 0 |a podnikanie 
610 2 0 |a vidiek 
610 2 0 |a výkonnosť podniku 
610 2 0 |a agroturistika 
610 2 0 |a riziko finančné 
610 2 0 |a marketing 
610 2 0 |a regióny 
610 2 0 |a zodpovednosť podniku spoločenská 
610 2 0 |a riadenie podnikové 
610 2 0 |a prognózy 
610 2 0 |a konkurencia medzinárodná 
610 2 0 |a nástroje finančné 
610 2 0 |a veda 
610 2 0 |a mládež 
610 2 0 |a Slovensko 
610 2 0 |a Európska únia 
700 1 |a Levický, Michal 
700 1 |a Beresecká, Janka 
700 1 |a Hudák, Jozef 
700 1 |a Hudáková, Monika 
710 2 |a Slovenská akadémia pôdohospodárskych vied - SAPV 
710 2 |a Vysoká škola ekonómie a manažmentu verejnej správy v Bratislave 
710 2 |a Mukachevo State University